000 00374nam a2200145Ia 4500
008 230917s9999||||xx |||||||||||||| ||und||
040 _e101336
_aMAIN
041 _aEnglish
082 _a822.33 S15K:R
100 _aKantak ,V Y
245 0 _aRe -discovering Shakespeare: Indian scrutiny
260 _aDelhi
_bPencraft International
_c2002
300 _a128 p.
942 _cBK
999 _c82390
_d82390